02154agaaa2200325 45000010005000000030009000050050017000140070009000310080040000400400023000800410013001031000046001161300020001622400026001822450208002082460019004162500022004352600114004573000032005715080223006035110084008265200592009105380016015025460013015186500056015317000065015877000062016527000058017147000056017725352IT-RoPAU20220918181255.0d cvaizq50131s9999||||xx ||| | || ||und|| aIT-RoPAUcIT-RoPAU aFRANCESE aClement Rene'gCodice regista SPICS: 7972 aGIOCHI PROIBITI aJEUX INTERDITSgT3477 aGIOCHI PROIBITIcProdotto da: Dorfmann Robert -- Sceneggiatura: Boyer Francois Aurenche Jean Bost Pierre Clement Rene' -- Diretto da: Clement Rene'pGIOCHI PROIBITI (Rif. Codice opera principale : H5352) aJEUX INTERDITS aEdizione Standard a(FRANCIA)bSILVER FILM / Distribuzione: MULTIMEDIA SAN PAOLOg"1952 (1° ed.: 2005 ; Ed. Lingua Orig.: 1952)" aVHSbsonoro, b&wc89 minuti a"Fotografia: Juillard Robert; Montaggio: Dwyre Roger; Musica: Yepes Narciso; Sceneggiatura: Boyer Francois Aurenche Jean Bost Pierre Clement Rene'; Scenografia: Bertrand Paul; Soggetto: Boyer Francois -- Aurenche Jean" a"Fossey Brigitte; Poujouly Georges; Amedee; Badie Laurence; Barbulee Madeleine" aDURANTE LA SECONDA GUERRA MONDIALE UNA BAMBINA DI 5 ANNI, PAULETTE, RIMANEORFANA. VAGANDO PER LA CAMPAGNA, INCONTRA MICHEL, FIGLIO DI CONTADINI, CHELA PORTA A CASA SUA. I DUE BAMBINI IMPARANO PRESTO A CONVIVERE CON LA MORTE CHE ENTREREA' ANCHE NEI LORO GIOCHI INFANTILI PROVOCANDO L'INDIGNAZIONE DEGLI ADULTI. SCOPERTI A RUBARE DELLE CROCI IN UN CIMITERO DI GUERRA, I BAMBINI VERRANNO SEPARATI E PAULETTE SARA' COSTRETTA A LASCIARE LA CASA PER ENTRARE IN ORFANOTROFIO. GUERRA , INFANZIA, MORTE. FILM IN LINGUA FRANCESE CONSOTTOTITOLI IN ITALIANO. LEONE D'ORO AL FESTIVAL DI VENEZIA 1952. aPAL, STEREO aFRANCESE aDRAMMATICOeFILMS [VHS]xCodice MATERIA SPICS: 9960 aAurenche Jean e(soggetto)gCodice Soggetto 2° SPICS: 28754 aBoyer Francois e(soggetto)gCodice Soggetto SPICS: 46094 aClement Rene' e(regista)gCodice regista SPICS: 7972 aYepes Narcisoe(musica)gCodice Musica SPICS: 58072